Fixing our broken housing market (Record no. 115865)

MARC details
000 -LEADER
fixed length control field 01413cam a22002775a 4500
001 - CONTROL NUMBER
control field L159398
008 - FIXED-LENGTH DATA ELEMENTS--GENERAL INFORMATION
fixed length control field 170214s2017 xxk f 000 0 eng d
020 ## - INTERNATIONAL STANDARD BOOK NUMBER
International Standard Book Number 9781474137966
035 ## - SYSTEM CONTROL NUMBER
System control number (Sirsi) u159398
041 0# - LANGUAGE CODE
Language code of text/sound track or separate title eng
110 2# - MAIN ENTRY--CORPORATE NAME
Corporate name or jurisdiction name as entry element United Kingdom
Subordinate unit Department for Communities and Local Government
9 (RLIN) 4939
245 00 - TITLE STATEMENT
Title Fixing our broken housing market
260 ## - PUBLICATION, DISTRIBUTION, ETC.
Place of publication, distribution, etc. London
Name of publisher, distributor, etc. DCLG
Date of publication, distribution, etc. 2017
490 #0 - SERIES STATEMENT
Series statement Cm
Volume/sequential designation 9362
520 ## - SUMMARY, ETC.
Summary, etc. Sets out the Government?s four key proposals for boosting the supply of new homes in England. Planning for the right homes in the right places simplifies the planning system ensuring that local plans are in place and freeing up land for development. Building homes faster outlines steps to support developers and improve construction skills shortage. Diversifying the market recognises the need for houses to rent both in private and public sectors. Helping people now supports affordable home initiatives for purchase and renting. Consultation closes on 2 May 2017.
590 ## - LOCAL NOTE (RLIN)
Local note KA
650 24 - SUBJECT ADDED ENTRY--TOPICAL TERM
Topical term or geographic name entry element WHITE PAPER
650 24 - SUBJECT ADDED ENTRY--TOPICAL TERM
Topical term or geographic name entry element GREEN BELT
650 24 - SUBJECT ADDED ENTRY--TOPICAL TERM
Topical term or geographic name entry element AFFORDABLE HOUSING
9 (RLIN) 6215
650 24 - SUBJECT ADDED ENTRY--TOPICAL TERM
Topical term or geographic name entry element SOCIAL HOUSING
651 #4 - SUBJECT ADDED ENTRY--GEOGRAPHIC NAME
Geographic name England
690 ## - LOCAL SUBJECT ADDED ENTRY--TOPICAL TERM (OCLC, RLIN)
Topical term or geographic name as entry element Residential property
9 (RLIN) 6266
690 ## - LOCAL SUBJECT ADDED ENTRY--TOPICAL TERM (OCLC, RLIN)
Topical term or geographic name as entry element Planning and development
9 (RLIN) 6259
856 40 - ELECTRONIC LOCATION AND ACCESS
Uniform Resource Identifier <a href="https://www.gov.uk/government/publications/fixing-our-broken-housing-market">https://www.gov.uk/government/publications/fixing-our-broken-housing-market</a>
Public note View the item free of charge from www.gov.uk
942 ## - ADDED ENTRY ELEMENTS (KOHA)
Suppress in OPAC 0
Holdings
Withdrawn status Lost status Source of classification or shelving scheme Damaged status Not for loan Home library Current library Shelving location Date acquired Total Checkouts Full call number Barcode Date last seen Copy number Price effective from Koha item type
    Dewey Decimal Classification     Virtual Virtual Online 14/02/2017   ONLINE PUBLICATION 159398-2001 06/08/2019 1 06/08/2019 Book